000 00532nam a2200097Ia 4500
008 170517s9999 xx 000 0 und d
245 2 _aA World of Art: The Metropolitan Museum of Art
300 _aWhat makes a masterpiece? In this visually stunning high definition production, A World of Art, the magnificence of America's premier art museum lights up the screen. One of the architectural glories of New York, the Met stretches 1000 feet...
650 _xArt.
856 _uhttp://topdocumentaryfilms.com/world-art-metropolitan-museum/
999 _c333104
_d333104